[Event "Campeonato Absoluto de Gipuzkoa 2011"]
[Site "Donostia"]
[Date "2011.10.08"]
[Round "1"]
[Board "1"]
[White "Etchegaray, Patrice"]
[Black "Arana Garate, Jon"]
[Result "1-0"]
[WhiteElo "2419"]
[BlackElo "1931"]
[PlyCount "101"]
[EventDate "2011.10.08"]
[EventRounds "7"]
[EventCountry "ESP"]

1.e4 c6 2.Nc3 d5 3.Nf3 dxe4 4.Nxe4 Nf6 5.Ng3 e6 6.d4 c5 7.Bd3 Nbd7 8.c3 Be7
9.O-O cxd4 10.Nxd4 O-O 11.Re1 Re8 12.a4 a6 13.a5 Qc7 14.Bc2 Nf8 15.Bg5 Bd7
16.Qf3 Nd5 17.Bxe7 Nxe7 18.Ne4 h6 19.b4 Rad8 20.Nc5 Nc6 21.Ndb3 Bc8 22.Be4 Ne5
23.Qg3 Re7 24.Bxb7 Bxb7 25.Qxe5 Qc6 26.Nxb7 Rxb7 27.Nc5 Nd7 28.Qe4 Qxe4 29.Nxe4
Nf6 30.Nc5 Rc7 31.Red1 Rdc8 32.c4 Rxc5 33.bxc5 Ne4 34.Rd7 Nxc5 35.Ra7 Kf8 36.f3
Ke8 37.Rb1 Kf8 38.Kf2 Ke8 39.Ke3 Kf8 40.Rb6 Ke8 41.Kd4 h5 42.Raxa6 Nxa6 43.Rxa6
Rc7 44.Rb6 Kd7 45.a6 Ra7 46.Kc5 e5 47.Kb5 Kc7 48.c5 g5 49.Rf6 Kb8 50.Kb6 g4
51.Rd6 1-0

[Event "Campeonato Absoluto de Gipuzkoa 2011"]
[Site "Donostia"]
[Date "2011.10.08"]
[Round "1"]
[Board "1"]
[White "Fernandez Zubitur, Jokin"]
[Black "Argandona Riveiro, Inigo"]
[Result "0-1"]
[WhiteElo "1928"]
[BlackElo "2387"]
[PlyCount "44"]
[EventDate "2011.10.08"]
[EventRounds "7"]
[EventCountry "ESP"]

1.e4 d6 2.d4 Nf6 3.Nc3 Nbd7 4.Nf3 e5 5.Bc4 Be7 6.O-O O-O 7.Re1 a6 8.a4 b6 9.b3
c6 10.Bb2 Qc7 11.Qd2 Rb8 12.dxe5 Nxe5 13.Nxe5 dxe5 14.Ba3 Bxa3 15.Rxa3 b5 16.Bf1
b4 17.Raa1 Rd8 18.Qe3 bxc3 19.Qxc3 Rd4 20.f3 Be6 21.Kh1 a5 22.Qe3 c5 0-1

[Event "Campeonato Absoluto de Gipuzkoa 2011"]
[Site "Donostia"]
[Date "2011.10.08"]
[Round "1"]
[Board "1"]
[White "Martin Alvarez, Inigo"]
[Black "Sanchez Ruesga, Hector"]
[Result "1-0"]
[WhiteElo "2316"]
[BlackElo "1897"]
[PlyCount "124"]
[EventDate "2011.10.08"]
[EventRounds "7"]
[EventCountry "ESP"]

1.d3 d5 2.Nd2 c5 3.e4 Nc6 4.Ngf3 Nf6 5.Be2 Qc7 6.O-O e6 7.c3 Bd6 8.a3 a5 9.a4 b6
10.Re1 O-O 11.Bf1 Ba6 12.h3 Rad8 13.Qc2 dxe4 14.dxe4 Bxf1 15.Kxf1 Ne5 16.Nxe5
Bxe5 17.Nc4 Nd7 18.Kg1 Bh2+ 19.Kh1 Ne5 20.Nxe5 Bxe5 21.Bg5 f6 22.Be3 Rd7 23.Qb3
Qc6 24.Rad1 Rfd8 25.Rxd7 Rxd7 26.Qc4 Kf7 27.f4 Bc7 28.Kg1 Qd6 29.Qe2 Kg8 30.Qh5
Rd8 31.Qe2 Qd3 32.Qxd3 Rxd3 33.g4 f5 34.exf5 exf5 35.Kf2 g6 36.gxf5 gxf5 37.Rg1+
Kf7 38.Ke2 Rd8 39.Bd2 Re8+ 40.Kf3 Re4 41.Rg5 Kf6 42.Rh5 Kg6 43.Rg5+ Kf6 44.Rg8
Re7 45.Be3 Ke6 46.Rg5 Rf7 47.b3 Rd7 48.Ke2 Kf6 49.Rg8 Re7 50.Kd3 Re4 51.Rf8+ Ke6
52.Re8+ Kd5 53.c4+ Kd6 54.Rxe4 fxe4+ 55.Kxe4 Ke6 56.f5+ Kd7 57.Kd5 Bd8 58.Bf4
Be7 59.Be5 Bf8 60.f6 h5 61.Bg3 Bh6 62.Bd6 Ke8 1-0

[Event "Campeonato Absoluto de Gipuzkoa 2011"]
[Site "Donostia"]
[Date "2011.10.08"]
[Round "1"]
[Board "1"]
[White "Paredes Macarro, Manuel"]
[Black "Hernandez, Elvis"]
[Result "0-1"]
[WhiteElo "1884"]
[BlackElo "2303"]
[PlyCount "42"]
[EventDate "2011.10.08"]
[EventRounds "7"]
[EventCountry "ESP"]

1.e4 e6 2.d3 d5 3.Nd2 Nf6 4.Ngf3 b6 5.g3 dxe4 6.dxe4 Bc5 7.Bg2 Ba6 8.h3 Nc6
9.Bf1 Bxf1 10.Rxf1 Qd6 11.Qe2 Qd7 12.Nb3 Be7 13.Bd2 e5 14.Bc3 O-O 15.Nxe5 Nxe5
16.Bxe5 Rfe8 17.f4 Rad8 18.Nd2 Qa4 19.b3 Qa5 20.c3 b5 21.Kf2 Rxd2 0-1

[Event "Campeonato Absoluto de Gipuzkoa 2011"]
[Site "Donostia"]
[Date "2011.10.08"]
[Round "1"]
[Board "1"]
[White "Olaizola Ortega, Luis"]
[Black "Ruiz Abad, Juan Manuel"]
[Result "0-1"]
[WhiteElo "2217"]
[BlackElo "1876"]
[PlyCount "130"]
[EventDate "2011.10.08"]
[EventRounds "7"]
[EventCountry "ESP"]

1.d4 Nf6 2.Nf3 c5 3.e3 g6 4.Be2 Bg7 5.O-O O-O 6.c4 d5 7.dxc5 dxc4 8.Qxd8 Rxd8
9.Bxc4 Ne4 10.Nc3 Nxc3 11.bxc3 Bxc3 12.Rb1 Nc6 13.Ng5 Ne5 14.Be2 Ba5 15.Bb2 Rd2
16.Bb5 Nd3 17.Bd4 Nf4 18.Bc4 Ne2+ 19.Kh1 Nxd4 20.Bxf7+ Kg7 21.exd4 h6 22.Nf3
Kxf7 23.Nxd2 Bxd2 24.d5 a5 25.Rfd1 Bb4 26.Rbc1 Bf5 27.f3 Rc8 28.c6 bxc6 29.Rxc6
Rb8 30.g4 Bd7 31.Rc7 Ba4 32.Rb1 Rd8 33.a3 Bxa3 34.Ra1 Bd6 35.Rb7 Bc2 36.Rxa5 g5
37.Rb2 Rc8 38.Kg2 Bg6 39.h4 Kf6 40.h5 Bf7 41.Rd2 Rb8 42.Kf2 Rb3 43.Ke2 Ke5
44.Kf2 Bb4 45.Re2+ Kf6 46.Ra6+ Kg7 47.Re5 Bd6 48.Rf5 Rb8 49.Ke2 Bg8 50.f4 Bh7
51.fxg5 Bxf5 52.gxh6+ Kxh6 53.gxf5 Rf8 54.Ke3 Rxf5 55.Ke4 Rxh5 56.Ra1 Kg6
57.Rg1+ Rg5 58.Rf1 Re5+ 59.Kd4 Rf5 60.Re1 Rf4+ 61.Kd3 Kf7 62.Rc1 Ke8 63.Ke3 Kd7
64.Rc2 Ra4 65.Kd3 Be5 0-1

[Event "Campeonato Absoluto de Gipuzkoa 2011"]
[Site "Donostia"]
[Date "2011.10.08"]
[Round "1"]
[Board "1"]
[White "D Anna Razzetti, Juan Pablo"]
[Black "Guijarro Galan, Jose Luis"]
[Result "0-1"]
[WhiteElo "1871"]
[BlackElo "2177"]
[PlyCount "50"]
[EventDate "2011.10.08"]
[EventRounds "7"]
[EventCountry "ESP"]

1.d4 d5 2.c4 e6 3.Nc3 c6 4.e3 f5 5.Nf3 Nf6 6.Bd3 Bd6 7.b3 O-O 8.O-O Bd7 9.Bb2
Be8 10.cxd5 cxd5 11.Nb5 Bxb5 12.Bxb5 a6 13.Bd3 Nc6 14.Rc1 Qe7 15.Qe2 Nd7 16.Rfd1
g5 17.h3 Rf7 18.Rf1 Raf8 19.Bxa6 g4 20.hxg4 fxg4 21.Ne5 Bxe5 22.dxe5 Ndxe5
23.Rxc6 Nf3+ 24.gxf3 gxf3 25.Qc4 Qg5+ 0-1

[Event "Campeonato Absoluto de Gipuzkoa 2011"]
[Site "Donostia"]
[Date "2011.10.08"]
[Round "1"]
[Board "1"]
[White "Ros Eskisabel, Jose Ramon"]
[Black "Galarraga Lasa, Jon Gurutz"]
[Result "1-0"]
[WhiteElo "2132"]
[BlackElo "1853"]
[PlyCount "123"]
[EventDate "2011.10.08"]
[EventRounds "7"]
[EventCountry "ESP"]

1.e4 c6 2.d3 d5 3.Nd2 e5 4.Ngf3 Nd7 5.g3 Ngf6 6.Bg2 Bd6 7.O-O O-O 8.Qe2 Re8 9.c3
b6 10.Rd1 Ba6 11.c4 Rc8 12.b3 Qe7 13.Nh4 Qe6 14.Nf5 Bc5 15.Bh3 Kh8 16.Kg2 Rg8
17.Nh6 Qe8 18.Nxg8 Kxg8 19.Nf3 Rd8 20.Bg5 Be7 21.Rac1 dxe4 22.dxe4 Nc5 23.Bxf6
Bxf6 24.Qc2 Bc8 25.Bxc8 Rxc8 26.Re1 Qd7 27.h3 Qe7 28.Rcd1 Ne6 29.Rd2 Bg5 30.Rd3
Nc5 31.Rdd1 g6 32.Qc3 Bf6 33.Qd2 Kg7 34.b4 Na6 35.a3 Nb8 36.Qd6 Qe8 37.g4 Rd8
38.Qc7 b5 39.g5 Be7 40.cxb5 Rc8 41.Qxe5+ Kg8 42.bxc6 Rxc6 43.Qd4 Ra6 44.Qc3 Rc6
45.Qe3 Rb6 46.Rd5 Rb7 47.Rc1 Nd7 48.Qc3 Nb6 49.Rdd1 Bd8 50.Qc6 Re7 51.Qxe8+ Rxe8
52.e5 Kg7 53.h4 h6 54.a4 hxg5 55.hxg5 Be7 56.a5 Nc8 57.Rc4 Bf8 58.Rd7 a6 59.Rcd4
Re6 60.Rc4 Ne7 61.Rd6 Nd5 62.Rxd5 1-0

[Event "Campeonato Absoluto de Gipuzkoa 2011"]
[Site "Donostia"]
[Date "2011.10.08"]
[Round "1"]
[Board "1"]
[White "Cantabrana Garona, Alejandro"]
[Black "Ezpeleta Pradera, Juan Francisc"]
[Result "0-1"]
[WhiteElo "1812"]
[BlackElo "2096"]
[PlyCount "82"]
[EventDate "2011.10.08"]
[EventRounds "7"]
[EventCountry "ESP"]

1.c4 e5 2.g3 Nc6 3.Bg2 Nf6 4.Nc3 Bb4 5.Qb3 Qe7 6.e3 Bxc3 7.Qxc3 O-O 8.d3 d6 9.b4
Bg4 10.f3 Be6 11.b5 Nd8 12.e4 Nd7 13.Ne2 f5 14.O-O Qf7 15.f4 Qh5 16.Bf3 Qe8
17.Bb2 fxe4 18.Bxe4 Bh3 19.Rf2 Nc5 20.Bd5+ Kh8 21.d4 Na4 22.Qc2 Nxb2 23.Qxb2 c6
24.Bh1 exf4 25.Nxf4 Bf5 26.Qd2 cxb5 27.Re1 Qd7 28.g4 bxc4 29.gxf5 Rxf5 30.Nd5
Nc6 31.Ref1 Raf8 32.Qe3 Rxf2 33.Rxf2 Rxf2 34.Qxf2 Qg4+ 35.Bg2 Qxd4 36.Ne3 h5
37.Qf8+ Kh7 38.Qf5+ Kh6 39.Qe6+ g6 40.h4 Ne5 41.Kf2 Qd2+ 0-1

[Event "Campeonato Absoluto de Gipuzkoa 2011"]
[Site "Donostia"]
[Date "2011.10.08"]
[Round "1"]
[Board "1"]
[White "Etxagibel Larranaga, Asier"]
[Black "Goni Garmendia, Aitor"]
[Result "1-0"]
[WhiteElo "2029"]
[BlackElo "1811"]
[PlyCount "79"]
[EventDate "2011.10.08"]
[EventRounds "7"]
[EventCountry "ESP"]

1.Nf3 d5 2.d4 Nf6 3.c4 e6 4.g3 Be7 5.Bg2 O-O 6.O-O c5 7.cxd5 exd5 8.Nc3 Bf5
9.dxc5 Bxc5 10.Bg5 Be4 11.Qb3 Qb6 12.Bxf6 Qxb3 13.axb3 gxf6 14.Nxe4 dxe4 15.Ne1
Re8 16.Ra4 f5 17.Bh3 Re5 18.Ng2 Nc6 19.Rd1 Rd8 20.Rxd8+ Nxd8 21.e3 Nc6 22.Nf4
Kg7 23.Bg2 Bb4 24.Bh3 Rc5 25.Ra1 a5 26.Rd1 Ne5 27.Kg2 Nf3 28.Nd5 Bd2 29.Nc3 b5
30.Nb1 Bc1 31.Bxf5 Rxf5 32.Rxc1 Rd5 33.Nc3 Rc5 34.Ra1 Nd2 35.Rxa5 Nxb3 36.Rxb5
Rxb5 37.Nxb5 f5 38.Nd4 Nxd4 39.exd4 Kf6 40.Kf1 1-0

[Event "Campeonato Absoluto de Gipuzkoa 2011"]
[Site "Donostia"]
[Date "2011.10.08"]
[Round "1"]
[Board "1"]
[White "Izquierdo Arruferia, Joseba"]
[Black "Gonzalez Blanco, Aitor"]
[Result "1/2-1/2"]
[WhiteElo "1811"]
[BlackElo "2025"]
[PlyCount "137"]
[EventDate "2011.10.08"]
[EventRounds "7"]
[EventCountry "ESP"]

1.e4 d5 2.exd5 Qxd5 3.Nc3 Qa5 4.Bc4 Nf6 5.d3 c6 6.Bd2 Qb6 7.Na4 Qc7 8.Nc3 Nbd7
9.Nf3 Ne5 10.Nxe5 Qxe5+ 11.Qe2 Qxe2+ 12.Nxe2 g6 13.f3 Bg7 14.O-O-O a5 15.d4 Nd5
16.c3 b5 17.Bxd5 cxd5 18.Nf4 e6 19.Rhe1 O-O 20.Nd3 Ba6 21.Bf4 Rfc8 22.Nc5 b4
23.Kd2 bxc3+ 24.bxc3 Bc4 25.a4 Ra7 26.Rb1 Bf8 27.Nb7 Ra6 28.Be5 Bh6+ 29.Kc2 Bf8
30.Nc5 Rac6 31.Rb7 Bxc5 32.dxc5 Rxc5 33.Reb1 Ba6 34.Rb8 h6 35.R1b6 Bf1 36.g3 g5
37.f4 Kh7 38.Rxc8 Rxc8 39.Rb8 Rc4 40.fxg5 hxg5 41.Kb3 Be2 42.Bd4 Bd1+ 43.Kb2
Rxa4 44.Rf8 Kg6 45.Ra8 f6 46.Bb6 g4 47.Rxa5 Kf5 48.Rxa4 Bxa4 49.Kc1 Ke4 50.Kd2
e5 51.Ke2 f5 52.Bc5 Bb5+ 53.Kf2 Kd3 54.Bb4 Bc4 55.Bd6 e4 56.Be5 Kd2 57.Bd4 Bd3
58.Bb6 Kxc3 59.Ke3 Kc2 60.Bc5 Kd1 61.Bb4 d4+ 62.Kxd4 Ke2 63.Bd6 Kf2 64.Bf4 Bb1
65.Bg5 Kf3 66.Bf4 Kf2 67.Bg5 Kg2 68.Ke3 Kxh2 69.Bf4 1/2-1/2

[Event "Campeonato Absoluto de Gipuzkoa 2011"]
[Site "Donostia"]
[Date "2011.10.08"]
[Round "1"]
[Board "1"]
[White "Uriarte Prieto, Goyo"]
[Black "Zubia Aramburu, Mikel"]
[Result "1-0"]
[WhiteElo "2017"]
[BlackElo "1791"]
[PlyCount "123"]
[EventDate "2011.10.08"]
[EventRounds "7"]
[EventCountry "ESP"]

1.e4 c6 2.d4 d5 3.exd5 cxd5 4.Bd3 Nc6 5.c3 Nf6 6.Bf4 Bg4 7.Qb3 Qd7 8.Nd2 e6
9.Ngf3 Bxf3 10.Nxf3 Bd6 11.Bg3 Nh5 12.Ne5 Bxe5 13.Bxe5 Nxe5 14.dxe5 O-O 15.O-O
Nf4 16.Bc2 Qc7 17.Rae1 Rac8 18.Bb1 b5 19.g3 Ng6 20.Bxg6 hxg6 21.Qxb5 Rb8 22.Qe2
Rb6 23.Rb1 Rfb8 24.Rfc1 Qc4 25.Qxc4 dxc4 26.Rc2 a5 27.b3 Rb5 28.Rcb2 a4 29.b4
Rxe5 30.Rd2 Rd5 31.Rxd5 exd5 32.Rd1 Rb5 33.f4 Kf8 34.Kf2 Ke7 35.Ke3 Kd6 36.Kd4
Rb8 37.Re1 f6 38.h4 Rh8 39.a3 Rb8 40.Re3 Rh8 41.Re1 Rb8 42.Ke3 Re8+ 43.Kd2 Rb8
44.h5 gxh5 45.f5 Rh8 46.Re6+ Kd7 47.Ra6 h4 48.gxh4 Rxh4 49.Rxa4 Rh2+ 50.Ke3 Rh3+
51.Kd4 Rd3+ 52.Kc5 Rxc3 53.Ra7+ Ke8 54.Kxd5 Rf3 55.Kxc4 Rf4+ 56.Kb3 Rxf5 57.Rxg7
Rf3+ 58.Ka4 Rf5 59.b5 Rf1 60.b6 Rb1 61.b7 Kf8 62.Rc7 1-0

[Event "Campeonato Absoluto de Gipuzkoa 2011"]
[Site "Donostia"]
[Date "2011.10.08"]
[Round "1"]
[Board "1"]
[White "Iglesias Gonzalez, Veronica"]
[Black "Ruiz Martinez, Isidro"]
[Result "0-1"]
[WhiteElo "1786"]
[BlackElo "2014"]
[PlyCount "68"]
[EventDate "2011.10.08"]
[EventRounds "7"]
[EventCountry "ESP"]

1.c4 Nf6 2.Nc3 g6 3.Nf3 Bg7 4.d4 d6 5.g3 O-O 6.Bg2 c6 7.O-O Nbd7 8.Rb1 e5 9.d5
cxd5 10.cxd5 a6 11.e4 b5 12.a3 Nb6 13.b3 Bd7 14.Be3 a5 15.Nd2 Ng4 16.Bxb6 Qxb6
17.h3 Ne3 18.fxe3 Qxe3+ 19.Kh2 Qxc3 20.Rc1 Qd4 21.Rc7 Ra7 22.Qc2 Qb6 23.Rc3 f5
24.exf5 gxf5 25.Rcf3 Rc7 26.Qb1 e4 27.Nxe4 fxe4 28.Rxf8+ Bxf8 29.Bxe4 Be8 30.Qe1
Re7 31.Rf4 Bg6 32.Qf1 Bg7 33.Bxg6 hxg6 34.Qd1 Qe3 0-1

[Event "Campeonato Absoluto de Gipuzkoa 2011"]
[Site "Donostia"]
[Date "2011.10.08"]
[Round "1"]
[Board "1"]
[White "Galarza Cenzano, Inigo"]
[Black "Izagirre Alsua, Aritz"]
[Result "0-1"]
[WhiteElo "2006"]
[BlackElo "1781"]
[PlyCount "178"]
[EventDate "2011.10.08"]
[EventRounds "7"]
[EventCountry "ESP"]

1.e4 c5 2.Nc3 Nc6 3.f4 d6 4.Nf3 g6 5.Bb5 Bd7 6.O-O e6 7.Bxc6 Bxc6 8.d4 cxd4
9.Qxd4 Qb6 10.Be3 Qxd4 11.Bxd4 f6 12.e5 dxe5 13.fxe5 f5 14.Ng5 Bd7 15.Rad1 Ne7
16.Bc5 h6 17.Nf3 Bg7 18.Bxe7 Kxe7 19.Nh4 Be8 20.Rfe1 a6 21.a4 Rc8 22.Nf3 g5
23.Rd4 Rc5 24.Rb4 Rc7 25.Rb6 Bd7 26.Nd4 Rd8 27.a5 Bc8 28.Nb3 Kf7 29.Re3 Rc4
30.Rd3 Ke7 31.Re3 Ke8 32.Kf1 Kd7 33.Rd6+ Ke8 34.Rb6 Bf8 35.Rd3 Bc5 36.Nxc5 Rxc5
37.Rh3 Rxe5 38.Rxh6 Kf7 39.Rh3 Rxa5 40.Rd3 Ke7 41.Ke2 Rxd3 42.cxd3 Kd7 43.g4 Kc7
44.Rb4 Bd7 45.h3 Bc6 46.Ke3 Ra1 47.gxf5 exf5 48.h4 f4+ 49.Kf2 gxh4 50.Rxf4 Rc1
51.Rxh4 Rc2+ 52.Ke3 Rxb2 53.Rh6 a5 54.Rh5 Kb6 55.Rh6 Kc7 56.Rh5 Kb6 57.Rh6 Kc5
58.d4+ Kc4 59.d5 Bxd5 60.Nxd5 Kxd5 61.Rh5+ Kc4 62.Rxa5 b6 63.Ra8 Rb5 64.Kd2 Kb3
65.Kc1 Rc5+ 66.Kb1 Rg5 67.Kc1 Rg1+ 68.Kd2 b5 69.Rh8 Rg3 70.Kc1 Rg1+ 71.Kd2 b4
72.Rh3+ Ka2 73.Rh8 Rg3 74.Kc1 Rg1+ 75.Kd2 b3 76.Ra8+ Kb2 77.Ra7 Rg2+ 78.Kd1 Kb1
79.Rb7 Kb2 80.Ra7 Rg6 81.Ra8 Rd6+ 82.Ke2 Kb1 83.Ra7 b2 84.Ra8 Rd5 85.Ke1 Kc2
86.Rc8+ Kb3 87.Rb8+ Kc3 88.Ke2 Rd4 89.Ke3 Rb4 0-1

[Event "Campeonato Absoluto de Gipuzkoa 2011"]
[Site "Donostia"]
[Date "2011.10.08"]
[Round "1"]
[Board "1"]
[White "Velte, Daniela"]
[Black "Segovia Sanchez, Antonio"]
[Result "0-1"]
[WhiteElo "1775"]
[BlackElo "2006"]
[PlyCount "118"]
[EventDate "2011.10.08"]
[EventRounds "7"]
[EventCountry "ESP"]

1.Nf3 d5 2.d4 c6 3.g3 Bf5 4.Bg2 Nf6 5.O-O e6 6.Nbd2 Bd6 7.c4 h6 8.Re1 Nbd7 9.b3
O-O 10.Bb2 Rc8 11.Ne5 Bxe5 12.dxe5 Ng4 13.e4 dxe4 14.Bxe4 Qa5 15.Bxf5 exf5
16.Nf3 Nc5 17.h3 Nxf2 18.Kxf2 Rcd8 19.Qc2 Nd3+ 20.Kg2 Nxe1+ 21.Rxe1 Rd7 22.Bc3
Qc5 23.Qxf5 Rfd8 24.Qg4 Rd3 25.b4 Qe7 26.Ba1 Rd1 27.Rxd1 Rxd1 28.Bc3 Qe6 29.Qxe6
fxe6 30.Bd4 Rc1 31.Bxa7 Rxc4 32.Nd4 Kf7 33.Bc5 b6 34.Bxb6 Rxb4 35.Ba7 Ra4 36.Bc5
Rc4 37.Ba7 Ra4 38.Bb6 Rxa2+ 39.Kf3 Ra3+ 40.Kg4 Ra4 41.h4 Rb4 42.Bc5 Rc4 43.Ba7
c5 44.Bxc5 Rxc5 45.Nf3 Rc4+ 46.Kh3 Kg6 47.Nh2 Kf5 48.Nf3 Rc3 49.Kg2 Ke4 50.Nd2+
Kxe5 51.Nf1 Kd4 52.Kf2 e5 53.g4 e4 54.Ke2 Rc2+ 55.Kd1 Rg2 56.g5 e3 57.gxh6 gxh6
58.Ke1 Kd3 59.h5 Rg1 0-1

[Event "Campeonato Absoluto de Gipuzkoa 2011"]
[Site "Donostia"]
[Date "2011.10.08"]
[Round "1"]
[Board "1"]
[White "Alvarado Fernandez, Mikel"]
[Black "Puga Senar, Fernando"]
[Result "1-0"]
[WhiteElo "2003"]
[BlackElo "1771"]
[PlyCount "107"]
[EventDate "2011.10.08"]
[EventRounds "7"]
[EventCountry "ESP"]

1.d4 Nf6 2.Bg5 e6 3.e4 Be7 4.Bxf6 Bxf6 5.Nc3 c5 6.e5 Be7 7.Nf3 cxd4 8.Nxd4 Qc7
9.f4 a6 10.Qd2 d6 11.exd6 Bxd6 12.Ndb5 axb5 13.Nxb5 Qc6 14.Qxd6 Na6 15.Qxc6+
bxc6 16.Nd6+ Ke7 17.Nxc8+ Rhxc8 18.Bxa6 Rxa6 19.a3 Rb8 20.O-O-O c5 21.Rd2 Ra4
22.g3 Re4 23.Rhd1 Rb7 24.b3 Ra7 25.Kb2 h6 26.c3 g5 27.fxg5 hxg5 28.b4 cxb4
29.cxb4 f5 30.Kb3 f4 31.gxf4 gxf4 32.b5 e5 33.b6 Rb7 34.Rd6 f3 35.Rh6 Rf4 36.a4
f2 37.Rh7+ Rf7 38.Rxf7+ Kxf7 39.a5 e4 40.Rc1 Ke6 41.Kc3 Rd7 42.b7 Rxb7 43.Kd4
Kf5 44.Ke3 Rb5 45.Ra1 Kg4 46.Kxf2 Kf4 47.a6 Rb8 48.a7 Ra8 49.Ra4 Ke5 50.Ke3 Kd6
51.Kxe4 Kc7 52.h4 Kb7 53.Kf5 Rh8 54.a8=Q+ 1-0

[Event "Campeonato Absoluto de Gipuzkoa 2011"]
[Site "Donostia"]
[Date "2011.10.08"]
[Round "1"]
[Board "1"]
[White "Navascues Zabaleta, Jesus"]
[Black "Irure Crespo, Egoitz"]
[Result "0-1"]
[WhiteElo "1758"]
[BlackElo "1993"]
[PlyCount "126"]
[EventDate "2011.10.08"]
[EventRounds "7"]
[EventCountry "ESP"]

1.c4 Nf6 2.Nc3 d5 3.cxd5 Nxd5 4.g3 g6 5.Bg2 Nxc3 6.bxc3 Bg7 7.Qb3 c6 8.d4 O-O
9.e3 Qc7 10.Ne2 Be6 11.Qc2 Nd7 12.O-O Nb6 13.Nf4 Bc4 14.Re1 Nd5 15.Nd3 Rad8
16.Bd2 Rfe8 17.Nb2 Ba6 18.c4 Nf6 19.Nd3 b6 20.c5 Bxd3 21.Qxd3 bxc5 22.Qc4 cxd4
23.exd4 Nd5 24.Qc5 e6 25.Rac1 Qb6 26.Ba5 Qxc5 27.dxc5 Rd7 28.Rb1 Bd4 29.Rec1 Nf6
30.Rc4 Ng4 31.Rc2 Ne5 32.Kf1 Ng4 33.h3 Nh6 34.Rd2 e5 35.Rbd1 Rb7 36.a3 Bxc5
37.Rd8 Rxd8 38.Rxd8+ Kg7 39.Bxc6 Rb1+ 40.Ke2 Rb2+ 41.Rd2 Rxd2+ 42.Kxd2 Bxa3
43.Bc7 Bb2 44.Bb5 Nf5 45.Kd3 Bd4 46.g4 Ne7 47.Ke4 f5+ 48.Kd3 Nd5 49.Bb8 Nf4+
50.Kc4 Nxh3 51.gxf5 gxf5 52.Kd5 Kf6 53.f3 Nf4+ 54.Kc4 h5 55.Bc7 Ne6 56.Ba5 Bf2
57.Kd3 h4 58.Ke2 Bg3 59.Kf1 h3 60.Kg1 Kg5 61.Bd2+ Bf4 62.Be1 Nd4 63.Bf1 Nxf3+ 0-1

[Event "Campeonato Absoluto de Gipuzkoa 2011"]
[Site "Donostia"]
[Date "2011.10.08"]
[Round "1"]
[Board "1"]
[White "Garro Beraza, Julen"]
[Black "Cejudo Urdampilleta, Juan Pablo"]
[Result "1-0"]
[WhiteElo "1990"]
[BlackElo "1703"]
[PlyCount "65"]
[EventDate "2011.10.08"]
[EventRounds "7"]
[EventCountry "ESP"]

1.e4 d6 2.d4 Nf6 3.Nc3 g6 4.g3 Bg7 5.Bg2 O-O 6.Nge2 c5 7.h3 Nc6 8.Be3 Qc7 9.O-O
cxd4 10.Nxd4 a6 11.a4 Ne5 12.Nde2 Nc4 13.Bc1 Rd8 14.b3 Na5 15.Bb2 e6 16.Qe1 d5
17.exd5 exd5 18.Rd1 Bf5 19.Rd2 Bh6 20.f4 Ne4 21.Nxe4 Bxe4 22.Nd4 Re8 23.Qa1 Qb6
24.Kh2 Bg7 25.f5 Nc6 26.Nxc6 Bxb2 27.Qxb2 Qxc6 28.Rf4 Bxg2 29.Rxg2 Re1 30.c4
Rae8 31.Qd4 dxc4 32.fxg6 Qxg6 33.Rg4 1-0

[Event "Campeonato Absoluto de Gipuzkoa 2011"]
[Site "Donostia"]
[Date "2011.10.08"]
[Round "1"]
[Board "1"]
[White "Boo Aldanondo, Alex"]
[Black "Beitia Amador-Carrandi, Ernesto"]
[Result "0-1"]
[WhiteElo "1700"]
[BlackElo "1968"]
[PlyCount "58"]
[EventDate "2011.10.08"]
[EventRounds "7"]
[EventCountry "ESP"]

1.e4 e5 2.Nf3 Nc6 3.Bc4 Nf6 4.O-O Bc5 5.Nc3 d6 6.Ng5 O-O 7.Na4 Bg4 8.Qe1 Nd4
9.Bd3 Nd7 10.Nxc5 Nxc5 11.f3 Qxg5 12.Be2 Bd7 13.d3 Qg6 14.Bd1 f5 15.exf5 Bxf5
16.Qh4 Be6 17.f4 Bd5 18.Rf2 exf4 19.Bxf4 Nde6 20.Bh5 Qf6 21.Qg3 Nxf4 22.Raf1
Nce6 23.Bg4 Qg6 24.c4 Ne2+ 25.Rxe2 Rxf1+ 26.Kxf1 Nf4 27.Qxf4 Rf8 28.cxd5 Rxf4+
29.Bf3 Qxd3 0-1

[Event "Campeonato Absoluto de Gipuzkoa 2011"]
[Site "Donostia"]
[Date "2011.10.08"]
[Round "1"]
[Board "1"]
[White "Torres, Patrice"]
[Black "Lazkano Gaite, Tomas"]
[Result "1-0"]
[WhiteElo "1964"]
[BlackElo "1700"]
[PlyCount "63"]
[EventDate "2011.10.08"]
[EventRounds "7"]
[EventCountry "ESP"]

1.d4 d5 2.c4 c6 3.Nf3 Nf6 4.Nc3 Nbd7 5.cxd5 cxd5 6.Bf4 Nh5 7.Bg5 h6 8.Bh4 g5
9.Bg3 Nxg3 10.hxg3 e6 11.e3 a6 12.Bd3 b5 13.a3 Bg7 14.Qb3 O-O 15.Rd1 Re8 16.Bb1
Nf8 17.Ne5 Bxe5 18.dxe5 Kg7 19.Ne2 f6 20.exf6+ Qxf6 21.g4 Ng6 22.Ng3 Kh7 23.Nh5
Qf7 24.Rh3 Rf8 25.Rf3 Qe7 26.Bxg6+ Kg8 27.Rxf8+ Kxf8 28.Qc3 e5 29.Rxd5 Bxg4
30.Qxe5 Be6 31.Qh8+ Bg8 32.Rf5+ 1-0

[Event "Campeonato Absoluto de Gipuzkoa 2011"]
[Site "Donostia"]
[Date "2011.10.08"]
[Round "1"]
[Board "1"]
[White "Ezkerro Hernandez, Pablo"]
[Black "Rodriguez Cabrera, Fco  Javier"]
[Result "0-1"]
[WhiteElo "1686"]
[BlackElo "1954"]
[PlyCount "62"]
[EventDate "2011.10.08"]
[EventRounds "7"]
[EventCountry "ESP"]

1.e4 c5 2.Nf3 d6 3.d4 cxd4 4.Nxd4 Nf6 5.Nc3 a6 6.Be3 Ng4 7.Bg5 h6 8.Bh4 g5 9.Bg3
Bg7 10.Be2 h5 11.Bxg4 hxg4 12.O-O Nc6 13.Nxc6 bxc6 14.Qd2 Qa5 15.Rfe1 Be5 16.Rf1
Rb8 17.Rab1 f6 18.a3 Rxb2 19.Rxb2 Bxc3 20.Qc1 Bxb2 21.Qxb2 Kf7 22.Rb1 Be6 23.Qb7
Qxa3 24.e5 dxe5 25.Qxc6 Rc8 26.Qe4 Kg8 27.Bxe5 fxe5 28.Qxe5 Kf7 29.Qxg5 Qc5
30.Qh6 Qxc2 31.Re1 Qf5 0-1

[Event "Campeonato Absoluto de Gipuzkoa 2011"]
[Site "Donostia"]
[Date "2011.10.08"]
[Round "1"]
[Board "1"]
[White "Nogues Fernandez, Ramon"]
[Black "Mendia Rezola, Jokin"]
[Result "1-0"]
[WhiteElo "1939"]
[BlackElo "1676"]
[PlyCount "61"]
[EventDate "2011.10.08"]
[EventRounds "7"]
[EventCountry "ESP"]

1.d4 d5 2.c4 e6 3.Nf3 Nf6 4.g3 b6 5.Bg2 Bb7 6.O-O Be7 7.Ne5 O-O 8.b3 c5 9.Bb2
Nbd7 10.Nd2 Rc8 11.Rc1 Rc7 12.cxd5 Nxd5 13.Ne4 Qa8 14.Nd2 Rfc8 15.Ndc4 Nc3
16.Bxb7 Nxd1 17.Bxa8 Nxb2 18.Nxb2 Rxa8 19.Nxd7 Rxd7 20.dxc5 Bxc5 21.Nd3 Bd4
22.Rc4 Rad8 23.Rfc1 g6 24.Kg2 e5 25.Nb4 Bc5 26.Nc6 Re8 27.b4 Bf8 28.b5 Rd2
29.R1c2 Rxc2 30.Rxc2 Rc8 31.Ne7+ 1-0

[Event "Campeonato Absoluto de Gipuzkoa 2011"]
[Site "Donostia"]
[Date "2011.10.08"]
[Round "1"]
[Board "1"]
[White "Aizpurua Zufiria, Inaki"]
[Black "Tung, Siu Hung"]
[Result "0-1"]
[WhiteElo "1622"]
[BlackElo "1938"]
[PlyCount "54"]
[EventDate "2011.10.08"]
[EventRounds "7"]
[EventCountry "ESP"]

1.d4 d6 2.e4 e5 3.Nf3 exd4 4.Nxd4 Nf6 5.Nc3 Be7 6.Be2 b6 7.Bb5+ Bd7 8.Bxd7+ Qxd7
9.O-O O-O 10.Qe2 a6 11.b3 Re8 12.Bb2 Nc6 13.Rad1 Nxd4 14.Rxd4 b5 15.e5 Bf8 16.f4
Qc6 17.Ne4 dxe5 18.Nxf6+ Qxf6 19.Re4 Qc6 20.Kh1 exf4 21.Rfxf4 Rxe4 22.Rxe4 Rd8
23.h3 Qd7 24.Rd4 Qc8 25.Rg4 Qf5 26.Re4 h6 27.Re5 Qf4 0-1

[Event "Campeonato Absoluto de Gipuzkoa 2011"]
[Site "Donostia"]
[Date "2011.10.15"]
[Round "2"]
[Board "1"]
[White "Irure Crespo, Egoitz"]
[Black "Etchegaray, Patrice"]
[Result "0-1"]
[WhiteElo "1993"]
[BlackElo "2419"]
[PlyCount "36"]
[EventDate "2011.10.08"]
[EventRounds "7"]
[EventCountry "ESP"]

1.d4 Nf6 2.Nf3 g6 3.Bf4 Bg7 4.e3 d6 5.h3 O-O 6.Be2 c5 7.c3 Qb6 8.Qb3 Be6 9.Qxb6
axb6 10.Nbd2 Nc6 11.Bc4 Bxc4 12.Nxc4 b5 13.Ncd2 cxd4 14.exd4 b4 15.O-O bxc3
16.bxc3 Nd5 17.Be3 Nxc3 18.a3 Ne2+ 0-1

[Event "Campeonato Absoluto de Gipuzkoa 2011"]
[Site "Donostia"]
[Date "2011.10.15"]
[Round "2"]
[Board "1"]
[White "Argandona Riveiro, Inigo"]
[Black "Alvarado Fernandez, Mikel"]
[Result "1-0"]
[WhiteElo "2387"]
[BlackElo "2003"]
[PlyCount "39"]
[EventDate "2011.10.08"]
[EventRounds "7"]
[EventCountry "ESP"]

1.c4 e5 2.Nc3 Bb4 3.e4 Bxc3 4.bxc3 Nf6 5.d3 d6 6.Ne2 Nbd7 7.g3 Nc5 8.Bg2 Bd7
9.O-O Qc8 10.d4 Ba4 11.Qd2 Ne6 12.f4 exd4 13.cxd4 O-O 14.e5 dxe5 15.fxe5 Nd7
16.Nc3 b5 17.cxb5 Nb6 18.Bxa8 Qxa8 19.d5 Nc5 20.Qd4 1-0

[Event "Campeonato Absoluto de Gipuzkoa 2011"]
[Site "Donostia"]
[Date "2011.10.15"]
[Round "2"]
[Board "1"]
[White "Hernandez, Elvis"]
[Black "Garro Beraza, Julen"]
[Result "1-0"]
[WhiteElo "2303"]
[BlackElo "1990"]
[PlyCount "63"]
[EventDate "2011.10.08"]
[EventRounds "7"]
[EventCountry "ESP"]

1.e4 c5 2.Nf3 d6 3.d4 cxd4 4.Nxd4 Nf6 5.Nc3 a6 6.Bg5 Nbd7 7.f3 Qc7 8.Qd2 e6
9.O-O-O b5 10.Bd3 Bb7 11.Kb1 Be7 12.h4 Rc8 13.g4 Ne5 14.Bxf6 Bxf6 15.Bxb5+ Nd7
16.g5 Be7 17.Ba4 O-O 18.h5 Nc5 19.Bb3 Nxb3 20.axb3 d5 21.exd5 Rfd8 22.g6 Bxd5
23.gxf7+ Kxf7 24.Qe2 Qb6 25.Na4 Qb4 26.c3 Qa5 27.c4 Bxc4 28.bxc4 Qxa4 29.Qxe6+
Kf8 30.h6 g6 31.Qe5 Rd7 32.Qh8+ 1-0